Oceňování a diskontní faktor
Problematika oceňovania aktív. Vyjadrenie náhodného diskontného faktoru. Faktorové modely oceňovania aktív: model CAPM, trojfaktorový model, viacfaktorové modely.
Enregistré dans:
| Auteur principal: | |
|---|---|
| Format: | Chapitre de livre |
| Langue: | tchèque |
| Sujets: | |
| Tags: |
Pas de tags, Soyez le premier à ajouter un tag!
|
MARC
| LEADER | 00000naa$a2200000$$$4500 | ||
|---|---|---|---|
| 001 | 0055457 | ||
| 005 | 20231116103710.2 | ||
| 041 | 0 | |a cze | |
| 044 | |a CZ | ||
| 245 | 1 | 0 | |a Oceňování a diskontní faktor |c Petr Huňka |
| 520 | |a Problematika oceňovania aktív. Vyjadrenie náhodného diskontného faktoru. Faktorové modely oceňovania aktív: model CAPM, trojfaktorový model, viacfaktorové modely. | ||
| 610 | 2 | 0 | |a oceňovanie |
| 610 | 2 | 0 | |a ohodnocovanie podniku |
| 610 | 2 | 0 | |a aktíva |
| 610 | 2 | 0 | |a model CAPM |
| 610 | 2 | 0 | |a modely ekonomické |
| 610 | 2 | 0 | |a riziko |
| 610 | 2 | 0 | |a výnosy podnikové |
| 610 | 2 | 0 | |a rozhodovanie investičné |
| 100 | 1 | |a Huňka, Petr | |